Commentary on For praxis: the problems of how to investigate reality in order to transform it
Guardat en:
| Autor principal: | |
|---|---|
| Format: | Text |
| Idioma: | Spanish |
| Publicat: |
Cartagena:
A.I.S.
09044
|
| Etiquetes: |
Afegir etiqueta
Sense etiquetes, Sigues el primer a etiquetar aquest registre!
|
MARC
| LEADER | 00000 a a2200000 04500 | ||
|---|---|---|---|
| 001 | 16707 | ||
| 003 | cru CIDCACS/IIS | ||
| 005 | 20231205100230.0 | ||
| 008 | 231205b |||||||| |||| 00| 0 spa d | ||
| 040 | |c cru CIDCACS/IIS | ||
| 090 | |a 05.01.02 F194c | ||
| 100 | |a Fals Borda, Orlando | ||
| 245 | |a Commentary on For praxis: the problems of how to investigate reality in order to transform it | ||
| 260 | |a Cartagena: |b A.I.S. |c 09044 | ||
| 300 | |a 12 p. | ||
| 942 | |2 z |c LI |h 05.01.02 F194c |i 09044 |6 050102_F194C_09044 | ||
| 999 | |c 16288 |d 16288 | ||
